| 000 | 00909nam a22003017a 4500 | ||
|---|---|---|---|
| 001 | 5973 | ||
| 003 | FISKH | ||
| 005 | 20250331080546.0 | ||
| 008 | 250214b cb ||||| |||| 00| 0 eng d | ||
| 020 | _a9780439697620 | ||
| 040 |
_aFISKH _beng _cFISKH _dFISKH |
||
| 050 | _aPE1128.A27 | ||
| 082 | _a370 | ||
| 100 | _aAber, Williams Linda | ||
| 245 |
_a101 ways to boost your writing skills / _cby Linda Williams Aber ; illustrated by Aija Janums |
||
| 250 | _aThis edition first published in 2004 | ||
| 260 |
_aNew York : _bScholastic, _c1996 |
||
| 300 |
_a96 pages : _billustrations ; _c20 cm |
||
| 505 | _aL | ||
| 520 | _aThese reference books offer students a user-friendly format. | ||
| 521 | 8 |
_a510
_bLexile |
|
| 521 | 8 |
_aL
_bRaz-Plus |
|
| 650 |
_2Writing _aLanguage |
||
| 650 |
_2Reference _aSelf-help |
||
| 700 |
_aJanums, Aiji _dillustrator |
||
| 942 |
_2ddc _cBK _n0 |
||
| 999 |
_c5973 _d5973 |
||